000 00544nam a2200181Ia 4500
003 GCL
008 140319s9999 xx 000 0 ara d
040 _aGCL /
_cGCL
082 0 4 _a791.43
_bا ل
100 1 _aسعيد عبدالمحسن
245 1 0 _aلغة الصورة فى السينما المعاصرة /
_cسعيد عبدالمحسن
700 1 _aارتر، روى
300 _a304
490 _aالالف كتاب الثانى
_v0
650 0 4 _aالافلام السينمائية
650 0 4 _aالسينما
942 _2ddc
_cBK
999 _c44066
_d44066